000 00510cam a2200169 4500500
005 20260329002655.0
041 _afre
042 _adc
100 1 0 _aPortevin, Catherine
_eauthor
245 0 0 _aLa phrase urbaine
260 _c2013.
500 _a74
690 _aJean-Christophe Bailly
690 _aVille
786 0 _nPhilosophie magazine | 68 | 4 | 2013-04-01 | p. 63-63 | 1951-1787
856 4 1 _uhttps://shs.cairn.info/magazine-philosophie-magazine-2013-4-page-63?lang=fr&redirect-ssocas=7080
999 _c1817276
_d1817276